Survival at sea : the lifeboat and liferaft / (Record no. 2894)

000 -LEADER
fixed length control field 00466nam a22001697a 4500
008 - FIXED-LENGTH DATA ELEMENTS--GENERAL INFORMATION
fixed length control field 200318b ||||| |||| 00| 0 eng d
020 ## - INTERNATIONAL STANDARD BOOK NUMBER
International Standard Book Number 0904825035
082 00 - DEWEY DECIMAL CLASSIFICATION NUMBER
Classification number 623.8887
Item number W9471
100 ## - MAIN ENTRY--PERSONAL NAME
9 (RLIN) 2496
Personal name Wright, C. H.
245 10 - TITLE STATEMENT
Title Survival at sea : the lifeboat and liferaft /
250 ## - EDITION STATEMENT
Edition statement 2nd ed.
260 ## - PUBLICATION, DISTRIBUTION, ETC. (IMPRINT)
Place of publication, distribution, etc Liverpool
Name of publisher, distributor, etc James Laver
Date of publication, distribution, etc 1977
300 ## - PHYSICAL DESCRIPTION
Extent 120 p.
650 #0 - SUBJECT ADDED ENTRY--TOPICAL TERM
Topical term or geographic name as entry element Lifeboats
Topical term or geographic name as entry element Boats and boating--Safety measures
942 ## - ADDED ENTRY ELEMENTS (KOHA)
Item type Books
Holdings
Withdrawn status Lost status Source of classification or shelving scheme Damaged status Not for loan Permanent location Current location Date acquired Full call number Barcode Date last seen Koha item type
          IMU Kolkata IMU Kolkata 1978-11-15 623.8887 W9471 05013 2020-03-18 Books
Designed and Maintained by IMU-KC Library, Kolkata Campus © Copyright All Rights Reserved

webs counters

Powered by Koha